[Event "Helsingor Xtracon op"]
[Site "Helsingor"]
[Date "2019.07.26"]
[Round "8"]
[White "Henriksen, Morgan"]
[Black "Jacobsen, Per"]
[Result "0-1"]
[WhiteElo "1683"]
[BlackElo "1530"]
[PlyCount "154"]
[EventDate "2019.07.20"]
[EventType "swiss"]
[EventRounds "10"]
[EventCountry "DEN"]
[SourceTitle "CBM 191 Extra"]
[Source "ChessBase"]
[SourceDate "2019.09.30"]
[SourceVersion "1"]
[SourceVersionDate "2019.09.30"]
[SourceQuality "1"]

1. d4 d5 2. c4 c6 3. Nf3 e6 4. e3 f5 5. Be2 Bd6 6. 0-0 Nf6 7. b3 0-0 8. Nbd2 Nbd7 9. Bb2 Ne4 10. Rc1 Rf6 11. Ne1 Bxh2+ 12. Kh1 Rh6 13. Nef3 Nxf2+ 14. Rxf2 Qc7 15. Nf1 Bg3+ 16. Kg1 Bxf2+ 17. Kxf2 Nf6 18. Ne5 Ne4+ 19. Kg1 Qd8 20. Qe1 Qf6 21. Rc2 b6 22. Nxc6 Qg5 23. Ne5 Bb7 24. c5 Rc8 25. c6 Ba8 26. a4 f4 27. exf4 Qxf4 28. Bc1 Qf6 29. Bxh6 Qxh6 30. Bf3 Ng5 31. Qg3 Rf8 32. Nd2 g6 33. Nd7 Rc8 34. c7 Bb7 35. Qe5 Qh4 36. b4 Nf7 37. Qxe6 Qxd4+ 38. Kh2 Qh4+ 39. Qh3 Qf4+ 40. Kg1 Qd4+ 41. Kf1 Qd3+ 42. Kg1 Qxc2 43. Nf1 Qf5 44. Qxf5 gxf5 45. Ne3 Rxc7 46. Nxd5 Bxd5 47. Nf6+ Kg7 48. Ne8+ Kg6 49. Nxc7 Bxf3 50. gxf3 Ne5 51. Kf2 Nd3+ 52. Ke3 Nxb4 53. Nb5 a6 54. Nd4 h5 55. Kf4 Nd5+ 56. Ke5 Nc3 57. Nxf5 Nxa4 58. f4 Nc5 59. Nd4 Nd3+ 60. Ke4 Nxf4 61. Kxf4 Kf6 62. Ke4 b5 63. Kd5 h4 64. Ke4 h3 65. Kf3 Ke5 66. Nb3 Kd5 67. Kg3 Kc4 68. Na5+ Kb4 69. Nc6+ Kc3 70. Ne7 b4 71. Nd5+ Kb3 72. Kxh3 a5 73. Nf4 a4 74. Ne2 Ka3 75. Kg3 b3 76. Nc3 b2 77. Nb1+ Kb3 0-1

[Event "Helsingor Xtracon op"]
[Site "Helsingor"]
[Date "2019.07.22"]
[Round "4"]
[White "Lindgaard, Tobias Simon"]
[Black "Jacobsen, Per"]
[Result "1-0"]
[WhiteElo "1804"]
[BlackElo "1530"]
[PlyCount "78"]
[EventDate "2019.07.20"]
[EventType "swiss"]
[EventRounds "10"]
[EventCountry "DEN"]
[SourceTitle "CBM 191 Extra"]
[Source "ChessBase"]
[SourceDate "2019.09.30"]
[SourceVersion "1"]
[SourceVersionDate "2019.09.30"]
[SourceQuality "1"]

1. Nf3 d5 2. g3 e6 3. Bg2 f5 4. d3 Nf6 5. 0-0 Bd6 6. Nc3 c6 7. e4 Nbd7 8. Ng5 Nc5 9. exf5 exf5 10. Re1+ Be7 11. b4 Na6 12. b5 Nc7 13. a4 0-0 14. Ne2 Ng4 15. Nf3 Bc5 16. d4 Bd6 17. bxc6 bxc6 18. h3 Nf6 19. Ne5 Bb7 20. c4 Ne4 21. Qc2 Rc8 22. Ba3 Re8 23. Nd3 Qe7 24. c5 Bxg3 25. fxg3 Qg5 26. Kh2 Ne6 27. Bc1 Qg6 28. Ndf4 Nxf4 29. Bxf4 Qh5 30. Nc3 Re6 31. Nxe4 fxe4 32. Qb3 Qf7 33. Rab1 Ba6 34. h4 Rce8 35. Bh3 R6e7 36. Bf1 Bc8 37. Qe3 Bf5 38. a5 Rb7 39. a6 Rbb8 1-0

[Event "Helsingor Xtracon op"]
[Site "Helsingor"]
[Date "2018.07.24"]
[Round "5"]
[White "Jacobsen, Per"]
[Black "O'Gorman, Pippa"]
[Result "1-0"]
[WhiteElo "1590"]
[BlackElo "1231"]
[PlyCount "87"]
[EventDate "2018.07.21"]
[EventType "swiss"]
[EventRounds "10"]
[EventCountry "DEN"]
[SourceTitle "CBM 185 Extra"]
[Source "ChessBase"]
[SourceDate "2018.07.29"]
[SourceVersion "1"]
[SourceVersionDate "2018.07.29"]
[SourceQuality "1"]

1. d4 d5 2. e3 e6 3. f4 Nf6 4. Nf3 Be7 5. Bd3 h6 6. 0-0 Nbd7 7. c3 b6 8. Ne5 Nxe5 9. fxe5 Ne4 10. Nd2 Bb7 11. Qg4 Ng5 12. h4 Nh7 13. Qxg7 Kd7 14. Qxf7 Qf8 15. Bxh7 Qxf7 16. Rxf7 Raf8 17. Rxf8 Rxf8 18. Nf3 Ba6 19. Bd2 c5 20. Bc2 Kc6 21. e4 Kc7 22. dxc5 Bxc5+ 23. Kh2 Rg8 24. Re1 Be7 25. exd5 exd5 26. Bxh6 Rh8 27. Bg5 Bxg5 28. Nxg5 Rxh4+ 29. Kg3 Rh8 30. Kf4 Bb7 31. Ne6+ Kd7 32. Bf5 Ke7 33. g4 Bc8 34. Nd4 Bb7 35. Rc1 Rh2 36. Rc2 Rh8 37. Kg3 a5 38. Rh2 Rxh2 39. Kxh2 Ba6 40. g5 Kf8 41. Kg3 Ke8 42. Kf4 Kd8 43. g6 Bc8 44. Bxc8 1-0

[Event "Helsingor Xtracon op"]
[Site "Helsingor"]
[Date "2018.07.22"]
[Round "3"]
[White "Jacobsen, Per"]
[Black "Skjoldager, Flemming"]
[Result "0-1"]
[WhiteElo "1590"]
[BlackElo "1902"]
[PlyCount "62"]
[EventDate "2018.07.21"]
[EventType "swiss"]
[EventRounds "10"]
[EventCountry "DEN"]
[SourceTitle "CBM 185 Extra"]
[Source "ChessBase"]
[SourceDate "2018.07.29"]
[SourceVersion "1"]
[SourceVersionDate "2018.07.29"]
[SourceQuality "1"]

1. d4 Nf6 2. e3 e6 3. f4 b6 4. Bd3 Bb7 5. Nf3 c5 6. c3 d6 7. 0-0 Be7 8. Nbd2 0-0 9. Bc2 Nbd7 10. Ng5 h6 11. Nge4 Rc8 12. Rf3 Qc7 13. Rg3 Kh8 14. Nxf6 Nxf6 15. Qe2 e5 16. fxe5 dxe5 17. dxe5 Qxe5 18. Nf3 Qe6 19. Nh4 Be4 20. Bb3 c4 21. Bc2 Bxc2 22. Qxc2 Ne4 23. Rf3 Bxh4 24. Rf4 Bf2+ 25. Kf1 f5 26. Rxf2 Nxf2 27. Qxf2 Rcd8 28. Ke2 Qe4 29. Bd2 f4 30. Ke1 fxe3 31. Qxe3 Qxg2 0-1

[Event "Helsingor Xtracon op"]
[Site "Helsingor"]
[Date "2017.07.23"]
[Round "3"]
[White "Jacobsen, Per"]
[Black "Huse, Lars Paul"]
[Result "1-0"]
[WhiteElo "1575"]
[BlackElo "1163"]
[PlyCount "86"]
[EventDate "2017.07.22"]
[EventType "swiss"]
[EventRounds "10"]
[EventCountry "DEN"]
[SourceTitle "CBM 179 Extra"]
[Source "ChessBase"]
[SourceDate "2017.08.23"]
[SourceVersion "1"]
[SourceVersionDate "2017.08.23"]
[SourceQuality "1"]

1. d4 d5 2. e3 Nf6 3. f4 Bf5 4. Nf3 h6 5. Be2 e6 6. 0-0 Bd6 7. c3 0-0 8. Ne5 Bxe5 9. fxe5 Nfd7 10. Rf3 f6 11. exf6 Nxf6 12. Nd2 Nc6 13. Rg3 Rf7 14. Bf3 Qd7 15. Bh5 Nxh5 16. Qxh5 Rf6 17. Nb3 Qf7 18. Qe2 Be4 19. Bd2 Rf8 20. h3 a6 21. Qg4 Rg6 22. Qh4 b6 23. Rg4 Ne7 24. Kh2 Qf5 25. Qxe7 Rxg4 26. Rg1 Qg5 27. Qxe6+ Rf7 28. Qxg4 Qf6 29. Be1 Qd6+ 30. Bg3 Qc6 31. Qc8+ Rf8 32. Qxc7 Qb5 33. Be5 Rf7 34. Qc8+ Rf8 35. Qe6+ Rf7 36. Qg4 Qd3 37. Bf4 Bf5 38. Qf3 Be4 39. Qg3 Kf8 40. Bd6+ Kg8 41. Bf4 Kf8 42. Qh4 Rf6 43. Be5 Rf7 1-0

[Event "DEN-ch G7-3"]
[Site "Skorping"]
[Date "2017.04.17"]
[Round "7"]
[White "Jacobsen, Per"]
[Black "Christensen, Michael Leon"]
[Result "1/2-1/2"]
[WhiteElo "1574"]
[BlackElo "1467"]
[PlyCount "89"]
[EventDate "2017.04.11"]
[EventType "swiss"]
[EventRounds "7"]
[EventCountry "DEN"]
[SourceTitle "EXT 2023"]
[Source "ChessBase"]
[SourceDate "2022.10.05"]
[SourceVersion "1"]
[SourceVersionDate "2022.10.05"]
[SourceQuality "1"]

1. b3 e5 2. Bb2 d6 3. e3 Nc6 4. Nf3 g6 5. Be2 Bg7 6. a3 Nf6 7. d4 Qe7 8. c4 0-0 9. 0-0 Bf5 10. Nc3 Rad8 11. d5 Nb8 12. Qd2 c6 13. Rac1 Ne4 14. Nxe4 Bxe4 15. dxc6 Nxc6 16. b4 b6 17. Qc3 Rc8 18. Nd2 Bf5 19. b5 Na5 20. a4 Rc5 21. Rfe1 Rd8 22. Nb3 Nxb3 23. Qxb3 Be6 24. Rc2 Bf8 25. Rd2 Qc7 26. Rc1 Qc8 27. Ba3 Rc7 28. Rcd1 Bxc4 29. Bxc4 Rxc4 30. g3 Rc3 31. Qb2 Qc7 32. Bxd6 Bxd6 33. Rxd6 Rxd6 34. Rxd6 Qxd6 35. Qxc3 Qd1+ 36. Kg2 Qd5+ 37. f3 e4 38. f4 Qd1 39. h4 Qxa4 40. Qc6 Qb4 41. Qe8+ Kg7 42. Qe5+ Kg8 43. Kh3 h5 44. Qe8+ Kg7 45. Qe5+ 1/2-1/2

[Event "DEN-ch G7-3"]
[Site "Skorping"]
[Date "2017.04.14"]
[Round "4"]
[White "Jacobsen, Per"]
[Black "Bogo, Mathias"]
[Result "1-0"]
[WhiteElo "1574"]
[BlackElo "1465"]
[PlyCount "101"]
[EventDate "2017.04.11"]
[EventType "swiss"]
[EventRounds "7"]
[EventCountry "DEN"]
[SourceTitle "EXT 2023"]
[Source "ChessBase"]
[SourceDate "2022.10.05"]
[SourceVersion "1"]
[SourceVersionDate "2022.10.05"]
[SourceQuality "1"]

1. b3 e5 2. Bb2 Nc6 3. e3 Bc5 4. Nf3 d6 5. Be2 Nf6 6. 0-0 0-0 7. d4 exd4 8. exd4 Bb6 9. a3 d5 10. c4 a6 11. Nbd2 Be6 12. c5 Ba7 13. Rc1 b6 14. b4 bxc5 15. dxc5 Bb8 16. Qc2 Ne7 17. Bxf6 gxf6 18. Qc3 Ng6 19. Rfd1 c6 20. Ne4 Be5 21. Qe1 Qc7 22. Nxe5 fxe5 23. Nf6+ Kh8 24. Qd2 Qe7 25. Nh5 f6 26. Qh6 Rg8 27. Rc3 Raf8 28. Bxa6 Bd7 29. Ng3 Rb8 30. Be2 Nf4 31. Bd3 Qf7 32. Bb1 d4 33. Rc2 Be6 34. Rb2 Ra8 35. b5 cxb5 36. Rxb5 Rxa3 37. Be4 Rc3 38. Rb7 Rg6 39. Rb8+ Rg8 40. Rb7 Rg6 41. Bxg6 Qxg6 42. Qxg6 Nxg6 43. Ne4 Rc2 44. Nxf6 Nf8 45. Ne4 Nd7 46. Ng5 Bf5 47. h3 Nxc5 48. Rf7 Bg6 49. Re7 d3 50. Ra1 Be4 51. Nxe4 1-0

[Event "DEN-ch G7-3"]
[Site "Skorping"]
[Date "2017.04.11"]
[Round "1"]
[White "Dithlevsen, Birgit"]
[Black "Jacobsen, Per"]
[Result "0-1"]
[WhiteElo "1615"]
[BlackElo "1574"]
[PlyCount "152"]
[EventDate "2017.04.11"]
[EventType "swiss"]
[EventRounds "7"]
[EventCountry "DEN"]
[SourceTitle "EXT 2023"]
[Source "ChessBase"]
[SourceDate "2022.10.05"]
[SourceVersion "1"]
[SourceVersionDate "2022.10.05"]
[SourceQuality "1"]

1. e4 Nf6 2. e5 Nd5 3. c4 Nb6 4. Nc3 d6 5. d4 Nc6 6. Nf3 Bg4 7. Be3 dxe5 8. d5 Nd4 9. Bxd4 exd4 10. Qxd4 Bxf3 11. gxf3 e6 12. Qe4 Qe7 13. dxe6 Qxe6 14. 0-0-0 c6 15. b3 Bc5 16. Qxe6+ fxe6 17. Ne4 Ba3+ 18. Kc2 0-0 19. Be2 a5 20. Rhg1 a4 21. Kc3 axb3 22. axb3 Be7 23. Ra1 Rxa1 24. Rxa1 Nd5+ 25. cxd5 exd5 26. Ra7 dxe4 27. Bc4+ Kh8 28. fxe4 Bf6+ 29. Kd3 Rd8+ 30. Ke2 Rb8 31. f4 Bd4 32. Ra2 h6 33. e5 Rf8 34. Bd3 g5 35. f5 Bxe5 36. Ra7 b5 37. h3 Re8 38. Kf3 Bd4 39. Ra6 Re3+ 40. Kg4 Rxd3 41. Kh5 Bg7 42. Ra8+ Kh7 43. Ra7 Rd6 44. Kg4 Rd4+ 45. Kg3 Rf4 46. Rf7 Kg8 47. Rc7 Rxf5 48. Rxc6 b4 49. Rb6 Bf8 50. h4 gxh4+ 51. Kxh4 Rf3 52. Rg6+ Kf7 53. Rb6 Rxb3 54. Kg4 Re3 55. Kf4 Re8 56. Kf5 Kg8 57. Kg6 Re7 58. Kf6 Rd7 59. Kf5 Kf7 60. Rf6+ Ke8 61. Re6+ Kd8 62. Rb6 Ke8 63. Rb8+ Kf7 64. Rb5 Be7 65. Ke4 Rd6 66. Rf5+ Kg6 67. Rb5 h5 68. Kf4 h4 69. Kg4 Rd4+ 70. Kh3 Rd6 71. Kg4 Rd4+ 72. Kh3 Rd3+ 73. Kg4 b3 74. Rb6+ Bf6 75. Kf4 b2 76. Ke4 Rd1 0-1

[Event "Helsingor Xtracon op"]
[Site "Helsingor"]
[Date "2016.07.31"]
[Round "10"]
[White "Jacobsen, Per"]
[Black "Palozza, Flavio"]
[Result "0-1"]
[WhiteElo "1636"]
[BlackElo "1342"]
[PlyCount "73"]
[EventDate "2016.07.23"]
[EventType "swiss"]
[EventRounds "10"]
[EventCountry "DEN"]
[SourceTitle "CBM 173 Extra"]
[Source "ChessBase"]
[SourceDate "2016.08.29"]
[SourceVersion "1"]
[SourceVersionDate "2016.08.29"]
[SourceQuality "1"]

1. f4 g6 2. Nf3 Bg7 3. e3 c6 4. d4 d5 5. Bd3 Bg4 6. c3 Nf6 7. Nbd2 e6 8. 0-0 0-0 9. Qe1 Bxf3 10. Nxf3 Nbd7 11. Ng5 c5 12. Rf3 h6 13. Nh3 cxd4 14. cxd4 Qb6 15. Bd2 Qxb2 16. Bc3 Qb6 17. Rb1 Qc7 18. Rc1 Qd8 19. Bd2 Re8 20. Qf1 Rc8 21. Rb1 b6 22. Qe2 Nf8 23. Rbf1 Qd6 24. Be1 Qa3 25. Bh4 N8h7 26. e4 dxe4 27. Bxe4 Qa4 28. Bf2 Ng4 29. Rd3 Rc2 30. Qxg4 f5 31. Bxf5 gxf5 32. Qg6 Nf8 33. Qg3 Rxa2 34. Rc3 Ra1 35. Rc7 Rxf1+ 36. Kxf1 Qd1+ 37. Be1 0-1

[Event "Helsingor Xtracon op"]
[Site "Helsingor"]
[Date "2016.07.30"]
[Round "9"]
[White "Frederiksen, Jacob"]
[Black "Jacobsen, Per"]
[Result "1-0"]
[WhiteElo "1382"]
[BlackElo "1636"]
[PlyCount "71"]
[EventDate "2016.07.23"]
[EventType "swiss"]
[EventRounds "10"]
[EventCountry "DEN"]
[SourceTitle "CBM 173 Extra"]
[Source "ChessBase"]
[SourceDate "2016.08.29"]
[SourceVersion "1"]
[SourceVersionDate "2016.08.29"]
[SourceQuality "1"]

1. e4 Nf6 2. Nc3 d6 3. d4 g6 4. h3 Bg7 5. Nf3 0-0 6. Bg5 Re8 7. Bd3 c6 8. 0-0 Nbd7 9. Ne2 Qc7 10. c3 b5 11. Qb3 Rb8 12. Bf4 e5 13. dxe5 dxe5 14. Bg3 Nc5 15. Qc2 Nxd3 16. Qxd3 Bb7 17. Ng5 Rbd8 18. Qc2 c5 19. f4 exf4 20. Nxf4 Qc6 21. e5 Rxe5 22. Nfe6 Rxe6 23. Nxe6 Qxe6 24. Rae1 Qd5 25. Rd1 Qc6 26. Rxd8+ Bf8 27. Rdd1 Nd5 28. Qf2 f5 29. Rfe1 f4 30. Bh2 c4 31. Qe2 Ne3 32. Rd2 Qb6 33. Rd4 Nxg2 34. Qe6+ Kg7 35. Qxb6 axb6 36. Rd7+ 1-0

[Event "Helsingor Xtracon op"]
[Site "Helsingor"]
[Date "2016.07.28"]
[Round "7"]
[White "Wanvik, Tim"]
[Black "Jacobsen, Per"]
[Result "1/2-1/2"]
[WhiteElo "1479"]
[BlackElo "1636"]
[PlyCount "58"]
[EventDate "2016.07.23"]
[EventType "swiss"]
[EventRounds "10"]
[EventCountry "DEN"]
[SourceTitle "CBM 173 Extra"]
[Source "ChessBase"]
[SourceDate "2016.08.29"]
[SourceVersion "1"]
[SourceVersionDate "2016.08.29"]
[SourceQuality "1"]

1. d4 Nf6 2. c4 e5 3. dxe5 Ne4 4. Nf3 Nc6 5. Qc2 Nc5 6. a3 d6 7. exd6 Bxd6 8. Nc3 0-0 9. Bg5 Qe8 10. b4 Ne6 11. e3 Ned4 12. Qd1 Nxf3+ 13. Qxf3 Qe5 14. Bf6 Nd4 15. Bxe5 Nxf3+ 16. gxf3 Bxe5 17. Rc1 g6 18. f4 Bg7 19. Bg2 c6 20. 0-0 Rd8 21. Rcd1 Be6 22. Ne4 Bxc4 23. Rxd8+ Rxd8 24. Rc1 Bd5 25. Rd1 Rf8 26. Ng3 Be6 27. Rb1 Bc4 28. Bf1 Bxf1 29. Kxf1 Rd8 1/2-1/2

[Event "Helsingor Xtracon op"]
[Site "Helsingor"]
[Date "2016.07.27"]
[Round "6"]
[White "Jacobsen, Per"]
[Black "Svane, Freja"]
[Result "1/2-1/2"]
[WhiteElo "1636"]
[BlackElo "1302"]
[PlyCount "89"]
[EventDate "2016.07.23"]
[EventType "swiss"]
[EventRounds "10"]
[EventCountry "DEN"]
[SourceTitle "CBM 173 Extra"]
[Source "ChessBase"]
[SourceDate "2016.08.29"]
[SourceVersion "1"]
[SourceVersionDate "2016.08.29"]
[SourceQuality "1"]

1. b3 e5 2. Bb2 Nc6 3. e3 d5 4. Nf3 Bg4 5. Be2 e4 6. Nd4 Bxe2 7. Qxe2 Qd7 8. a3 Nf6 9. 0-0 Bc5 10. Nxc6 Qxc6 11. d4 Bd6 12. c4 Qb6 13. c5 Qxb3 14. cxd6 cxd6 15. Nc3 0-0 16. Nb5 Rac8 17. Rac1 Rc6 18. Rxc6 bxc6 19. Nxd6 Rb8 20. Rb1 Qa2 21. Qc2 g6 22. h3 Kf8 23. a4 Ke7 24. Kh2 Nd7 25. Nxe4 dxe4 26. Qxe4+ Qe6 27. Qf4 Rb6 28. Ba3+ c5 29. Rxb6 axb6 30. dxc5 bxc5 31. Qg5+ Ke8 32. Qh6 Qe5+ 33. Qf4 Qxf4+ 34. exf4 c4 35. a5 c3 36. Kg3 c2 37. Bc1 Nc5 38. Kf3 Kd7 39. Ke2 Nb3 40. Kd3 Nxc1+ 41. Kxc2 Ne2 42. a6 Kc7 43. g3 Nd4+ 44. Kd3 Ne6 45. Ke4 1/2-1/2

[Event "Politiken Cup 36th"]
[Site "Helsingor"]
[Date "2014.07.29"]
[Round "10"]
[White "Merkesvik, Amalie Isabel"]
[Black "Jacobsen, Per"]
[Result "1-0"]
[WhiteElo "1497"]
[BlackElo "1655"]
[PlyCount "49"]
[EventDate "2014.07.21"]
[EventType "swiss"]
[EventRounds "10"]
[EventCountry "DEN"]
[SourceTitle "CBM 161 Extra"]
[Source "ChessBase"]
[SourceDate "2014.08.29"]
[SourceVersion "1"]
[SourceVersionDate "2014.08.29"]
[SourceQuality "1"]

1. e4 Nf6 2. Nc3 d6 3. Nf3 g6 4. d4 Bg7 5. h3 c6 6. Be3 0-0 7. Bd3 Nbd7 8. Qd2 Re8 9. 0-0-0 b5 10. g4 b4 11. Nb1 a5 12. Rdg1 e5 13. dxe5 Nxe5 14. Nxe5 Rxe5 15. f3 Re8 16. h4 Nd7 17. h5 Qf6 18. c3 bxc3 19. Nxc3 Qxf3 20. hxg6 fxg6 21. Bh6 Nf6 22. Bxg7 Kxg7 23. Qh6+ Kg8 24. Rf1 Qxd3 25. Rxf6 1-0

[Event "Politiken Cup 36th"]
[Site "Helsingor"]
[Date "2014.07.25"]
[Round "6"]
[White "Jacobsen, Per"]
[Black "Bohman, Leif"]
[Result "1/2-1/2"]
[WhiteElo "1655"]
[BlackElo "1866"]
[PlyCount "40"]
[EventDate "2014.07.21"]
[EventType "swiss"]
[EventRounds "10"]
[EventCountry "DEN"]
[SourceTitle "CBM 161 Extra"]
[Source "ChessBase"]
[SourceDate "2014.08.29"]
[SourceVersion "1"]
[SourceVersionDate "2014.08.29"]
[SourceQuality "1"]

1. b3 d5 2. e3 c6 3. Bb2 Nd7 4. Nf3 Ngf6 5. Be2 e6 6. d4 Be7 7. 0-0 0-0 8. Nbd2 Re8 9. c4 a5 10. a3 Bd6 11. Rc1 Qe7 12. c5 Bc7 13. Qc2 e5 14. dxe5 Nxe5 15. Qc3 Bf5 16. Rfe1 Ne4 17. Nxe4 Bxe4 18. Nd2 f6 19. Nxe4 dxe4 20. b4 Kf8 1/2-1/2

[Event "DEN-ch G7-B"]
[Site "Skorping"]
[Date "2014.04.18"]
[Round "4"]
[White "Jacobsen, Per"]
[Black "Larsen, Jens Evald"]
[Result "1-0"]
[WhiteElo "1536"]
[BlackElo "1242"]
[PlyCount "52"]
[EventDate "2014.04.15"]
[EventType "swiss"]
[EventRounds "7"]
[EventCountry "DEN"]
[SourceTitle "EXT 2023"]
[Source "ChessBase"]
[SourceDate "2022.10.05"]
[SourceVersion "1"]
[SourceVersionDate "2022.10.05"]
[SourceQuality "1"]

1. b3 e5 2. Bb2 d6 3. e3 Be7 4. Nf3 Nc6 5. Be2 Bf6 6. d4 exd4 7. exd4 Nge7 8. 0-0 0-0 9. Nbd2 a6 10. Ne4 Nf5 11. Nxf6+ Qxf6 12. c4 b5 13. Rb1 Qd8 14. d5 Nce7 15. Qc2 Bb7 16. Bd3 g6 17. Qc3 f6 18. h3 c6 19. g4 Ng7 20. g5 Nef5 21. gxf6 Nh5 22. f7+ Kxf7 23. Bc1 Qf6 24. Qd2 Kg8 25. Bb2 Qf7 26. Qc3 Qg7 1-0

[Event "Politiken Cup 35th"]
[Site "Helsingor"]
[Date "2013.08.04"]
[Round "10"]
[White "Degerfeldt, Sven"]
[Black "Jacobsen, Per"]
[Result "1-0"]
[WhiteElo "1921"]
[BlackElo "1641"]
[PlyCount "53"]
[EventDate "2013.07.27"]
[EventType "swiss"]
[EventRounds "10"]
[EventCountry "DEN"]
[SourceTitle "CBM 155 Extra"]
[Source "ChessBase"]
[SourceDate "2013.08.26"]
[SourceVersion "1"]
[SourceVersionDate "2013.08.26"]
[SourceQuality "1"]

1. d4 Nf6 2. c4 e5 3. dxe5 Ne4 4. a3 Nc6 5. Nf3 d6 6. g3 Bf5 7. Bg2 dxe5 8. 0-0 Bd6 9. b4 Qf6 10. Bb2 Rd8 11. Qc1 0-0 12. Nc3 Nxc3 13. Bxc3 b6 14. Qb2 Bg4 15. b5 Bxf3 16. Bxf3 Nd4 17. Bd5 Bc5 18. Kg2 Rfe8 19. Rad1 Qf5 20. Rd3 Qh5 21. e4 Rd6 22. Bxd4 Bxd4 23. Qd2 Qg4 24. h3 Qd7 25. f4 Rh6 26. g4 Qe7 27. fxe5 1-0

[Event "Politiken Cup 35th"]
[Site "Helsingor"]
[Date "2013.07.31"]
[Round "6"]
[White "Fjellengen, Bard"]
[Black "Jacobsen, Per"]
[Result "1-0"]
[WhiteElo "1869"]
[BlackElo "1641"]
[PlyCount "29"]
[EventDate "2013.07.27"]
[EventType "swiss"]
[EventRounds "10"]
[EventCountry "DEN"]
[SourceTitle "CBM 155 Extra"]
[Source "ChessBase"]
[SourceDate "2013.08.26"]
[SourceVersion "1"]
[SourceVersionDate "2013.08.26"]
[SourceQuality "1"]

1. d4 Nf6 2. c4 e5 3. dxe5 Ne4 4. Nf3 Nc6 5. Qd5 Nc5 6. Bd2 d6 7. exd6 Bxd6 8. Nd4 Ne5 9. Nb5 Be6 10. Nxd6+ cxd6 11. Qd4 Qb6 12. Bc3 0-0 13. b4 Nc6 14. bxc5 Nxd4 15. cxb6 1-0

[Event "Politiken Cup 35th"]
[Site "Helsingor"]
[Date "2013.07.28"]
[Round "3"]
[White "Jacobsen, Per"]
[Black "Hansen, Ib Lynaes"]
[Result "1-0"]
[WhiteElo "1641"]
[BlackElo "1895"]
[PlyCount "96"]
[EventDate "2013.07.27"]
[EventType "swiss"]
[EventRounds "10"]
[EventCountry "DEN"]
[SourceTitle "CBM 155 Extra"]
[Source "ChessBase"]
[SourceDate "2013.08.26"]
[SourceVersion "1"]
[SourceVersionDate "2013.08.26"]
[SourceQuality "1"]

1. b3 d5 2. Bb2 Nf6 3. Nf3 c5 4. e3 Nc6 5. Be2 e6 6. 0-0 Bd6 7. d4 b6 8. Nbd2 a5 9. a3 Qc7 10. c4 a4 11. cxd5 Nxd5 12. Nc4 Be7 13. Rc1 0-0 14. bxa4 Bd7 15. Nfe5 Nxe5 16. Nxe5 Bxa4 17. Qd2 f6 18. Nf3 Bc6 19. dxc5 Bxc5 20. Nd4 Bd7 21. Bc4 Qd6 22. Nb5 Bxb5 23. Bxb5 Bxa3 24. Bxa3 Qxa3 25. Bc6 Rad8 26. Ra1 Qe7 27. Qb2 Rd6 28. Bxd5 exd5 29. Ra6 Rb8 30. Qa3 Rd7 31. Qb3 Qd8 32. Re1 f5 33. f3 Kf8 34. Qb4+ Kf7 35. Qb3 Kg6 36. e4 fxe4 37. fxe4 d4 38. Qe6+ Kh5 39. Rf1 Rd6 40. Rf5+ g5 41. Qf7+ Kh6 42. Ra7 Qg8 43. Qe7 Rg6 44. Rf7 Kh5 45. Rxh7+ Kg4 46. h3+ Kf4 47. Rf7+ Ke3 48. Ra3+ Ke2 1-0

[Event "Politiken Cup 34th"]
[Site "Helsingor"]
[Date "2012.07.29"]
[Round "3"]
[White "Jacobsen, Per"]
[Black "Henrichsen, Jens"]
[Result "0-1"]
[WhiteElo "1680"]
[BlackElo "1887"]
[PlyCount "66"]
[EventDate "2012.07.28"]
[EventType "swiss"]
[EventRounds "10"]
[EventCountry "DEN"]
[SourceTitle "CBM 149 Extra"]
[Source "ChessBase"]
[SourceDate "2012.08.24"]
[SourceVersion "1"]
[SourceVersionDate "2012.08.24"]
[SourceQuality "1"]

1. b3 e5 2. Bb2 d6 3. e3 Nf6 4. Nf3 Be7 5. Be2 a5 6. c4 c6 7. c5 e4 8. cxd6 Bxd6 9. Ne5 Nbd7 10. Nc4 Be7 11. 0-0 0-0 12. d3 b5 13. Ncd2 exd3 14. Bxd3 Nc5 15. Be2 Bf5 16. Na3 Nd3 17. Bxd3 Bxd3 18. Re1 Bb4 19. Rc1 Rc8 20. Nc2 Bxc2 21. Rxc2 Qe7 22. Bc3 Bxc3 23. Rxc3 Nd5 24. Rc2 Nb4 25. Rc3 Nxa2 26. Rc2 Nb4 27. Rc3 Rfd8 28. Qe2 Nd5 29. Rc2 Qe6 30. Nf3 Nb4 31. Nd4 Rxd4 32. exd4 Nxc2 33. Qxe6 fxe6 0-1

[Event "Politiken Cup 34th"]
[Site "Helsingor"]
[Date "2012.07.28"]
[Round "1"]
[White "Jacobsen, Per"]
[Black "Hansen, Morten Moller"]
[Result "0-1"]
[WhiteElo "1680"]
[BlackElo "2095"]
[PlyCount "64"]
[EventDate "2012.07.28"]
[EventType "swiss"]
[EventRounds "10"]
[EventCountry "DEN"]
[SourceTitle "CBM 149 Extra"]
[Source "ChessBase"]
[SourceDate "2012.08.24"]
[SourceVersion "1"]
[SourceVersionDate "2012.08.24"]
[SourceQuality "1"]

1. b3 e5 2. Bb2 d6 3. e3 c6 4. Be2 Nf6 5. Nf3 Be7 6. 0-0 0-0 7. c4 Bf5 8. Nh4 Be6 9. Nf3 Na6 10. a3 Nd7 11. d4 e4 12. Nfd2 f5 13. Nc3 Nc7 14. Rc1 Bg5 15. Qc2 Rc8 16. a4 Nf6 17. Ba3 Re8 18. Qb2 Bf7 19. d5 f4 20. exf4 Bxf4 21. g3 Be5 22. f4 Bd4+ 23. Kh1 cxd5 24. cxd5 Ncxd5 25. Bc4 Nxc3 26. Bxf7+ Kxf7 27. Nc4 Nb5 28. Qd2 e3 29. Qd3 Nxa3 30. Qxd4 Nxc4 31. bxc4 Qd7 32. Rc2 Qxa4 0-1